Statistics for Bruno Mars Discography

Click here to take the quiz!

General Stats

  • This quiz has been taken 57 times
    (24 since last reset)
  • The average score is 4 of 5

Answer Stats

YearNameType% Correct
201624K MagicAlbum
100%
2012Unorthodox JukeboxAlbum
100%
2010Doo-Wops & HooligansAlbum
94%
2021An Evening with Silk SonicCollaborative Album
82%
2010It's Better If You Don't UnderstandEP
35%

Score Distribution

Percentile by Number Answered

Percent of People with Each Score

Your Score History

You have not taken this quiz since the last reset